Statistics for Island Countries Quiz

Click here to take the quiz!

General Stats

  • This quiz has been taken 350,989 times
    (266,826 since last reset)
  • The average score is 35 of 47

Answer Stats

km2Country% Correct
270,467New Zealand
93%
1,904,569Indonesia
91%
587,041Madagascar
91%
377,930Japan
91%
109,884Cuba
90%
242,900United Kingdom
87%
103,000Iceland
87%
70,273Ireland
84%
10,991Jamaica
83%
27,750Haiti
83%
65,610Sri Lanka
82%
751Dominica
82%
342,353Philippines
82%
316Malta
81%
9,251Cyprus
81%
18,272Fiji
80%
13,943Bahamas
79%
48,671Dominican Republic
76%
36,193Taiwan
75%
261St. Kitts and Nevis
75%
452Seychelles
75%
5,130Trinidad and Tobago
74%
430Barbados
74%
300Maldives
73%
462,840Papua New Guinea
73%
2,842Samoa
72%
616St. Lucia
72%
181Marshall Islands
71%
4,033Cape Verde
71%
26Tuvalu
70%
702F. S. Micronesia
70%
28,896Solomon Islands
70%
389St. Vincent and the
Grenadines
69%
747Tonga
69%
12,189Vanuatu
69%
21Nauru
68%
2,040Mauritius
67%
459Palau
67%
442Antigua and Barbuda
66%
811Kiribati
66%
965Sao Tome and Principe
64%
1,862Comoros
62%
344Grenada
61%
710Singapore
61%
14,874East Timor
57%
5,765Brunei
53%
765Bahrain
40%

Score Distribution

Percentile by Number Answered

Percent of People with Each Score

Your Score History

You have not taken this quiz since the last reset